Представление документа в формате MARC21

Поле Инд. ПП Название Значение
Тип записи a
Библиографический уровень m
001 Контрольный номер 48b88142-b9ca-423b-9fd5-ead2e66557ef
005 Дата корректировки 20131029163609.1
008 Кодируемые данные 010224 d
020 c Цена, тираж 15.00
040 a Служба первич. каталог. НБ ТвГУ
041 a Код языка текста rus
080 a Индекс УДК 51
a Индекс УДК 514
a Индекс УДК 515.1
084 a Индекс другой классификации/Индекс ББК В1я54(2)
a Индекс другой классификации/Индекс ББК В15
090 x Авторский знак С56
a Полочн. индекс В1я54
245 10 a Заглавие Современная математика и ее приложения
n Номер части/ раздела Т. 68
p Название части/ раздела Труды Международной конференции, посвященной 90-летию со дня рождения Л. С. Понтрягина (Москва, 31 авг. - 6 сент. 1998 г.). Т. 7: Геометрия и топология / Авт.: П. М. Ахметьев, Н. А. Бобылев, Ю. Г. Борисович и д
b Продолж. заглавия Темат. обзоры
c Ответственность РАН, М-во науки и техн.политики РФ; Науч. ред. Р. В. Гамкрелидзе; [Ред.-консультанты тома: С. М. Асеев, С. А. Вахрамеев; Ред. тома: И. А. Жлябинкова]
260 0_ a Место издания Москва
b Издательство ВИНИТИ
c Дата издания 1999
300 a Объем 188,[1] c.
440 a Серия Итоги науки и техники
a Серия Соврем. математика и ее приложения
490 _0 x ISSN серии 0233-6723
504 a Библиография Библиогр. в конце обзоров.
583 a Действие Получение впервые 330 25.10.2000
k Исполнитель действия Дар РГГУ
650 a Основная рубрика Математика
x Основная подрубрика Обзоры тематические
650 a Основная рубрика Геометрия
650 a Основная рубрика Топология
653 a Ключевые слова Математика
a Ключевые слова Топология
a Ключевые слова Геометрия
a Ключевые слова Обзоры
700 1_ a Другие авторы ГАМКРЕЛИДЗЕ Р. В.
e Роль лиц науч. ред. сер.
700 1_ a Другие авторы Ахметьев П. М.
e Роль лиц авт.
t Заглавие произведения Геометрия и топология
700 1_ a Другие авторы Бобылев Н. А.
e Роль лиц авт.
700 1_ a Другие авторы Борисович Ю. Г.
e Роль лиц авт.
700 2_ a Другие авторы Гусейн-Заде С. М.
e Роль лиц авт.
700 1_ a Другие авторы АСЕЕВ С. М.
e Роль лиц ред.-консультант тома
700 1_ a Другие авторы ВАХРАМЕЕВ С. А.
e Роль лиц ред.-консультант тома
700 1_ a Другие авторы Жлябинкова И. А.
e Роль лиц ред. тома
852 t Порядковый номер экземпляра 1
p Инвентарный номер 727214
863 t 00030100
888 a Бесплатные
930 a Новая/Ретро обзоры
952 p 330.2000 15.00 1 727214
c Вид литературы К рн
954 a Дата поступления на обработку 20001030
999 a Подразделение 2 Фил3